00295nam a2200109Ia 4500008004100000041000800041082001200049100001700061245004900078260003900127300001900166241028s9999 xx 000 0 und d aeng a171 AMB aAmbrosini V. aHow To Develop A Sustainable Business School bEdward Elgar PublishersaUSAc2023 a119;. P. 22 cm